Kế toán tài chính : Lý thuyết, bài tập, bài giải

Сохранить в:
Библиографические подробности
Формат: Sách
Язык:Undetermined
Опубликовано:  Thống kê  2011
Предметы:
Метки: Добавить метку
Нет меток, Требуется 1-ая метка записи!
Thư viện lưu trữ: Trung tâm Thư viện - Trường Đại học Công nghiệp TP. Hồ Chí Minh
LEADER 00455nam a2200133Ia 4500
001 UIH_06902
008 231011s9999 xx 000 0 und d
082 |a  657 
245 0 |a  Kế toán tài chính : Lý thuyết, bài tập, bài giải 
260 |b  Thống kê 
260 |c  2011 
650 |a  Kế toán tài chính;  
927 |a Sách 
980 |a Trung tâm Thư viện - Trường Đại học Công nghiệp TP. Hồ Chí Minh